Statistics for All Call Of Duty Games

Click here to take the quiz!

General Stats

  • This quiz has been taken 180 times
  • The average score is 10 of 15

Answer Stats

HintAnswer% Correct
11black ops
94%
8modern warfare
94%
13black ops 2
92%
1call of duty
89%
10modern warfare 2
87%
4call of duty 2
84%
12modern warfare 3
82%
15advanced warfare
77%
9world at war
77%
6call of duty 3
75%
14ghosts
72%
5big red one
30%
3finest hour
25%
2united offensive
16%
7roads to victory
15%

Score Distribution

Percentile by Number Answered

Percent of People with Each Score

Your Score History

You have not taken this quiz